Wszystkie przystanki linii tramwajowej numer 12 we Wrocławiu - Statystyki

Ogólne statystyki
  • Ten quiz został rozwiązany 5 razy
  • Średni wynik to 21 z 26
Statystyki odpowiedzi
Odpowiedź % Poprawnych
12 Galeria Dominikańska
100%
22 Kwiska
100%
21 Małopanewska
100%
10 Most Grunwaldzki
100%
15 Rynek
100%
1 Sępolno Sępolno
100%
13 Świdnicka
100%
11 Urząd Wojewódzki Impart
100%
19 Wrocław Mikołajów ( Zachodnia )
100%
14 Zamkowa
100%
3 8 Maja
80%
8 Bujwida Kredka i Ołówek
80%
26 Górnicza Kolejna na powrót Kozanów Dokerska / Kozanowska / Modra ---->
80%
7 Kochanowskiego
80%
17 Młodych Techników
80%
25 Modra
80%
24 Pilczycka ( Anima )
80%
9 pl. Grunwaldzki
80%
16 pl. Jana Pawła II
80%
18 pl. Strzegomski
80%
6 Chopina
60%
2 Godebskiego AWF Wrocław
60%
23 Kolista
60%
20 Niedźwiedzia
60%
4 Stadion Olimpijski
60%
5 Karłowicza
40%
Nie znaleziono quizów pasujących do podanych kryteriów
Rozkład punktacji
Procent ludzi z każdym wynikiem
Percentyl według liczby udzielonych odpowiedzi
Twoja historia wyników
Nie rozwiązałeś tego quizu